[Event "Krakow op-B 23rd"]
[Site "Krakow"]
[Date "2013.01.04"]
[Round "9"]
[White "Pietrucha, Jaroslaw"]
[Black "Carbonaro, Davide"]
[Result "1/2-1/2"]
[WhiteElo "1835"]
[BlackElo "1608"]
[PlyCount "53"]
[EventDate "2012.12.27"]
[EventType "swiss"]
[EventRounds "9"]
[EventCountry "POL"]
[SourceTitle "CBM 152 Extra"]
[Source "ChessBase"]
[SourceDate "2013.02.25"]
[SourceVersion "1"]
[SourceVersionDate "2013.02.25"]
[SourceQuality "1"]

1. e4 e6 2. d4 d5 3. exd5 Qxd5 4. Nf3 Nf6 5. Bd3 Bb4+ 6. c3 Be7 7. 0-0 0-0 8. Bf4 c6 9. Nbd2 Qd8 10. Qc2 Nbd7 11. Bg3 Re8 12. Rad1 Qa5 13. Nc4 Qh5 14. Rfe1 b5 15. Ncd2 Bb7 16. Ne5 Rad8 17. b4 a6 18. Ndf3 Qh6 19. Be4 Nxe5 20. Nxe5 Nxe4 21. Qxe4 Rd5 22. Rd3 f5 23. Qf3 c5 24. Rb1 c4 25. Rdd1 Ba8 26. Qe3 Qxe3 27. fxe3 1/2-1/2

[Event "Krakow op-B 23rd"]
[Site "Krakow"]
[Date "2012.12.28"]
[Round "2"]
[White "Valkovoy, Alexandr"]
[Black "Carbonaro, Davide"]
[Result "1/2-1/2"]
[WhiteElo "1855"]
[BlackElo "1608"]
[PlyCount "48"]
[EventDate "2012.12.27"]
[EventType "swiss"]
[EventRounds "9"]
[EventCountry "POL"]
[SourceTitle "CBM 152 Extra"]
[Source "ChessBase"]
[SourceDate "2013.02.25"]
[SourceVersion "1"]
[SourceVersionDate "2013.02.25"]
[SourceQuality "1"]

1. d4 Nf6 2. Nf3 g6 3. Bf4 d6 4. Nbd2 Bg7 5. e4 Nbd7 6. Bc4 0-0 7. Qe2 a5 8. a4 c5 9. e5 Nh5 10. Bg5 Nb6 11. exd6 Qxd6 12. Bxe7 Qc7 13. Bxf8 Bxf8 14. Ne5 Nxc4 15. Qxc4 Be6 16. Qc3 Nf4 17. Qg3 Bh6 18. Ng4 Bxg4 19. Qxg4 Re8+ 20. Kf1 cxd4 21. Qd1 Qc6 22. Nf3 Qc4+ 23. Kg1 Ne2+ 24. Kf1 Nf4+ 1/2-1/2

[Event "Warsaw Four Seasons op 2nd"]
[Site "Warsaw"]
[Date "2011.??.??"]
[Round "7"]
[White "Lata, Slawomir"]
[Black "Carbonaro, Davide"]
[Result "0-1"]
[WhiteElo "1460"]
[BlackElo "1612"]
[PlyCount "92"]
[EventDate "2011.11.26"]
[EventType "swiss"]
[EventRounds "9"]
[EventCountry "POL"]
[SourceTitle "EXT 2014"]
[Source "ChessBase"]
[SourceDate "2013.11.20"]
[SourceVersion "1"]
[SourceVersionDate "2013.11.20"]
[SourceQuality "1"]

1. e4 e6 2. Nf3 d5 3. e5 c5 4. d4 Nc6 5. Bb5 Bd7 6. c3 Nxe5 7. Bxd7+ Nxd7 8. Be3 Ngf6 9. dxc5 Bxc5 10. Bxc5 Nxc5 11. b4 Nce4 12. 0-0 0-0 13. Qd4 Qc7 14. a4 Rfc8 15. Ra3 Qc4 16. Qxc4 Rxc4 17. Ne5 Rc7 18. f3 Nd6 19. Nd2 Rac8 20. Rc1 Nh5 21. g3 f6 22. Nd3 Nc4 23. Nxc4 Rxc4 24. Nc5 b6 25. Nxe6 Kf7 26. g4 Kxe6 27. gxh5 Rh4 28. a5 Rxh5 29. axb6 axb6 30. Ra6 Rc6 31. b5 Rd6 32. Kg2 Rh4 33. Re1+ Kf5 34. Ra7 g5 35. h3 h5 36. Rc7 Rc4 37. Rxc4 dxc4 38. Re4 Rd2+ 39. Kg1 Rb2 40. Rxc4 Rxb5 41. Kf2 Rc5 42. Rb4 Rxc3 43. Rxb6 Rc2+ 44. Ke3 Rh2 45. Rb5+ Kg6 46. Ra5 Rxh3 0-1